La experiencia del nuevo plan de estudios en la escuela superior de comercio "manuel belgrano"; /
Guardado en:
| Autor Principal: | |
|---|---|
| Formato: | Libro |
| Publicado: |
Córdoba :
,
1982
|
| Materias: | |
| Etiquetas: |
Agregar Etiqueta
Sin Etiquetas, Sea el primero en etiquetar este registro!
|
| LEADER | 00489nam a22001575a 4500 | ||
|---|---|---|---|
| 001 | CEM.cems001896 | ||
| 005 | 20060215000000.0 | ||
| 008 | 130507s1982##################000#0#####d | ||
| 003 | CEMS | ||
| 082 | 0 | 4 | |a 373 |
| 100 | 1 | |a Córdoba Universidad Nacional | |
| 245 | 1 | 0 | |a La experiencia del nuevo plan de estudios en la escuela superior de comercio "manuel belgrano"; / |
| 260 | |a Córdoba : |b , |c 1982 | ||
| 300 | |a 113 | ||
| 653 | |a Educacion | ||
| 859 | |a CEMS |b BIB. CEMS - 11 de abril |h 373 |i C812 |p 12970.84 |t Ej.1 | ||
